t r a n s p a r e n t s o u l- WILLOW feat Travis Barker - Statistics

General Stats
  • This quiz has been taken 11 times
  • The average score is 160 of 197
Answer Stats
Answer % Correct
can
100%
I
100%
if
100%
If
100%
in
100%
know
100%
know x2
100%
right
100%
see
100%
so
100%
soul
100%
soul) x2
100%
through,
100%
Transparent
100%
(Transparent
100%
you
100%
a
88%
All
88%
all
88%
don't
88%
fact
88%
fucking
88%
it
88%
it's
88%
It's
88%
just
88%
lie
88%
like
88%
little
88%
me,
88%
me
88%
on
88%
or
88%
your
88%
And
75%
back
75%
boy
75%
cash
75%
cig
75%
face,
75%
fake
75%
for
75%
four
75%
friends
75%
girl
75%
He's
75%
No
75%
now
75%
One,
75%
out
75%
secrets
75%
sell
75%
snake
75%
some
75%
Such
75%
take
75%
the
75%
three,
75%
trap
75%
truth
75%
two
75%
was
75%
actin'
63%
alright?
63%
ass?
63%
But
63%
but
63%
Flash
63%
get
63%
(Hey,
63%
hey)
63%
is
63%
knew
63%
my
63%
of
63%
paradise
63%
put
63%
royalty,
63%
runnin'
63%
She
63%
to
63%
treating
63%
why
63%
will
63%
You're
63%
brave
50%
clear
50%
enough
50%
ever
50%
everybody
50%
fall
50%
fault,
50%
kissin'
50%
one's
50%
pain
50%
scared
50%
Smile
50%
then
50%
they're
50%
vain
50%
knows
38%
wow
38%
Yeah,
38%
No matching quizzes found
Score Distribution
Percent of People with Each Score
Percentile by Number Answered
Your Score History
You have not taken this quiz